[Event "Pomorza-ch Seniors"]
[Site "Gdansk"]
[Date "2007.11.24"]
[Round "8.10"]
[White "Karczynski, Lech"]
[Black "Les, Czeslaw"]
[Result "0-1"]
[WhiteElo "1964"]
[BlackElo "1905"]
[PlyCount "58"]
[EventDate "2007.11.10"]
[EventType "swiss"]
[EventRounds "9"]
[EventCountry "POL"]
[SourceTitle "EXT 2023"]
[Source "ChessBase"]
[SourceDate "2022.10.05"]
[SourceVersion "1"]
[SourceVersionDate "2022.10.05"]
[SourceQuality "1"]

1. c4 e5 2. Nc3 f5 3. d4 e4 4. h4 Nf6 5. Bg5 Be7 6. e3 c6 7. c5 d5 8. cxd6 Bxd6 9. Bc4 b5 10. Bb3 a5 11. a4 b4 12. Nce2 Na6 13. Nh3 h6 14. Bxf6 Qxf6 15. Nef4 g6 16. Rc1 Bd7 17. Qe2 Nc7 18. d5 Ke7 19. dxc6 Be8 20. h5 g5 21. Nd5+ Nxd5 22. Bxd5 Rc8 23. Ng1 b3 24. Bxb3 Bxc6 25. g3 Bb7 26. Rxc8 Rxc8 27. Bc4 Bb4+ 28. Kf1 Rxc4 29. Qxc4 Ba6 0-1

[Event "Pomorza-ch Seniors"]
[Site "Gdansk"]
[Date "2007.11.19"]
[Round "7.9"]
[White "Swiderski, Marek"]
[Black "Karczynski, Lech"]
[Result "1-0"]
[WhiteElo "1970"]
[BlackElo "1964"]
[PlyCount "65"]
[EventDate "2007.11.10"]
[EventType "swiss"]
[EventRounds "9"]
[EventCountry "POL"]
[SourceTitle "EXT 2023"]
[Source "ChessBase"]
[SourceDate "2022.10.05"]
[SourceVersion "1"]
[SourceVersionDate "2022.10.05"]
[SourceQuality "1"]

1. e4 g6 2. d4 Bg7 3. Nc3 d6 4. Be3 Nf6 5. f3 0-0 6. Qd2 Nbd7 7. 0-0-0 c6 8. h4 b5 9. g4 Qa5 10. Kb1 h5 11. gxh5 Nxh5 12. Bh3 Nb6 13. Nd5 Qxd2 14. Nxe7+ Kh7 15. Rxd2 Ng3 16. Nxc8 Nxh1 17. Nxb6 axb6 18. Ne2 f5 19. f4 fxe4 20. Rd1 Ra7 21. Rxh1 Rfa8 22. Nc1 d5 23. f5 gxf5 24. Bxf5+ Kh8 25. h5 c5 26. dxc5 bxc5 27. Bxc5 Rc7 28. b4 Re8 29. h6 Bf6 30. Ne2 Rg8 31. Nf4 Rg3 32. Ng6+ Kh7 33. Ne7+ 1-0

[Event "Pomorza-ch Seniors"]
[Site "Gdansk"]
[Date "2007.11.17"]
[Round "5.7"]
[White "Walkusz, Miroslaw"]
[Black "Karczynski, Lech"]
[Result "1-0"]
[WhiteElo "1998"]
[BlackElo "1964"]
[PlyCount "59"]
[EventDate "2007.11.10"]
[EventType "swiss"]
[EventRounds "9"]
[EventCountry "POL"]
[SourceTitle "EXT 2023"]
[Source "ChessBase"]
[SourceDate "2022.10.05"]
[SourceVersion "1"]
[SourceVersionDate "2022.10.05"]
[SourceQuality "1"]

1. d4 Nf6 2. Nf3 g6 3. c4 Bg7 4. Nc3 0-0 5. e4 d6 6. Be2 Bg4 7. h3 Bxf3 8. Bxf3 Nfd7 9. 0-0 Nc6 10. Be3 e5 11. d5 Nd4 12. g4 a6 13. Bg2 f5 14. exf5 gxf5 15. f4 Qh4 16. Bf2 Qh6 17. g5 Qg6 18. h4 Nc5 19. h5 Qf7 20. b4 Ne4 21. Nxe4 fxe4 22. Bxd4 exd4 23. Bxe4 d3 24. Bxh7+ Kh8 25. Bxd3 Bxa1 26. Qxa1+ Kg8 27. h6 Qd7 28. h7+ Kf7 29. Qf6+ Ke8 30. Re1+ 1-0

[Event "Gdansk-chA 7th"]
[Site "Gdansk"]
[Date "2005.11.12"]
[Round "5"]
[White "Bachan, Daniel"]
[Black "Karczynski, Lech"]
[Result "1-0"]
[WhiteElo "2133"]
[BlackElo "1936"]
[PlyCount "153"]
[EventDate "2005.11.05"]
[EventType "swiss"]
[EventRounds "9"]
[EventCountry "POL"]
[SourceTitle "EXT 2008"]
[Source "ChessBase"]
[SourceDate "2007.11.25"]
[SourceVersion "1"]
[SourceVersionDate "2007.11.25"]
[SourceQuality "1"]

1. e4 Nf6 2. e5 Nd5 3. d4 d6 4. Nf3 Bg4 5. Be2 e6 6. c4 Nb6 7. 0-0 Be7 8. exd6 cxd6 9. Be3 0-0 10. Nbd2 Nc6 11. a3 a5 12. h3 Bh5 13. Qb3 a4 14. Qc2 Bg6 15. Bd3 Bxd3 16. Qxd3 d5 17. c5 Nc8 18. Qb5 Qc7 19. b4 axb3 20. Qxb3 Bf6 21. Rab1 Na5 22. Qd3 h6 23. g3 Ra6 24. Bf4 Qd7 25. Rb2 Ne7 26. Rfb1 Rfa8 27. g4 Nec6 28. g5 hxg5 29. Bxg5 Qe7 30. Bf4 R8a7 31. Kh2 Nc4 32. Nxc4 dxc4 33. Qxc4 Rxa3 34. Bd6 Qd7 35. Ne5 Bxe5+ 36. dxe5 R7a4 37. Qf1 Ra7 38. Qg2 Nd4 39. Rxb7 Nf3+ 40. Qxf3 Rxf3 41. Rxd7 Rxd7 42. c6 Ra7 43. c7 Rxf2+ 44. Kg3 Rc2 45. Rb8+ Kh7 46. c8Q Rxc8 47. Rxc8 Ra4 48. Rc3 Kg6 49. Rf3 Rd4 50. Ba3 Re4 51. Bb2 Rb4 52. Bc3 Rc4 53. h4 Kh5 54. Bd2 Rd4 55. Bg5 Rd7 56. Kf4 Kg6 57. Ke4 Kh5 58. Rd3 Rb7 59. Kd4 Kg6 60. Rf3 Ra7 61. Rg3 Kh5 62. Ke4 Ra4+ 63. Kf3 Ra3+ 64. Be3 g6 65. Rg5+ Kh6 66. Rg4+ Kh7 67. Rc4 Ra5 68. Ke4 Rb5 69. Bg5 Rb8 70. Rc7 Kg8 71. Kd4 Ra8 72. Bf6 Rb8 73. Kc5 Kf8 74. Kc6 Kg8 75. Kd7 Kh7 76. Rc8 Rb7+ 77. Kc6 1-0